Disney's Winnie the Pooh's sweet dreams : (Record no. 1028)
[ view plain ]
| 000 -LEADER | |
|---|---|
| fixed length control field | 01087nam a22003017a 4500 |
| 005 - DATE AND TIME OF LATEST TRANSACTION | |
| control field | 20230718142941.0 |
| 020 ## - INTERNATIONAL STANDARD BOOK NUMBER | |
| International Standard Book Number | 0736401458 |
| 040 ## - CATALOGING SOURCE | |
| Original cataloging agency | DLC |
| Transcribing agency | DLC |
| Language of cataloging | eng |
| 050 00 - LIBRARY OF CONGRESS CALL NUMBER | |
| Classification number | PZ8.3.M6355 |
| Item number | Dm 1999 |
| 082 00 - DEWEY DECIMAL CLASSIFICATION NUMBER | |
| Classification number | [E] |
| Edition number | 21 |
| 100 1# - MAIN ENTRY--PERSONAL NAME | |
| Personal name | Milnes, Ellen. |
| 245 10 - TITLE STATEMENT | |
| Title | Disney's Winnie the Pooh's sweet dreams : |
| Remainder of title | Pooh's Early-to-Bed and Early-to-Rise Hum / |
| Statement of responsibility, etc. | [written by Ellen Milnes]. |
| 246 30 - VARYING FORM OF TITLE | |
| Title proper/short title | Winnie the Pooh's sweet dreams |
| 260 ## - PUBLICATION, DISTRIBUTION, ETC. | |
| Place of publication, distribution, etc. | New York : |
| Name of publisher, distributor, etc. | Disney's |
| Date of publication, distribution, etc. | 1999. |
| 300 ## - PHYSICAL DESCRIPTION | |
| Extent | 5 leaves : |
| Other physical details | color illustrations ; |
| Dimensions | 20 cm. |
| 490 1# - SERIES STATEMENT | |
| Series statement | Learn & grow |
| 500 ## - GENERAL NOTE | |
| General note | "Based on the Pooh stories by A.A. Milne"--P. 4 of cover. |
| 505 ## - FORMATTED CONTENTS NOTE | |
| Formatted contents note | E <br/><br/> |
| 520 ## - SUMMARY, ETC. | |
| Summary, etc. | In simple rhyming text Pooh speaks of the happy results of going to bed and getting up early. |
| 521 ## - TARGET AUDIENCE NOTE | |
| Target audience note | 180 <br/> |
| Source | Lexile estimate |
| 521 ## - TARGET AUDIENCE NOTE | |
| Target audience note | E <br/> |
| Source | Raz-Plus <br/> |
| 650 #1 - SUBJECT ADDED ENTRY--TOPICAL TERM | |
| Topical term or geographic name entry element | Toys |
| Form subdivision | Fiction. |
| 700 1# - ADDED ENTRY--PERSONAL NAME | |
| Personal name | Milne, A. A. |
| Fuller form of name | (Alan Alexander), |
| Dates associated with a name | 1882-1956. |
| Title of a work | Winnie-the-Pooh. |
| 906 ## - LOCAL DATA ELEMENT F, LDF (RLIN) | |
| a | 7 |
| b | cbc |
| c | orignew |
| d | 2 |
| e | ncip |
| f | 20 |
| g | y-gencatlg |
| 942 ## - ADDED ENTRY ELEMENTS (KOHA) | |
| Source of classification or shelving scheme | Dewey Decimal Classification |
| Koha item type | Books |
| Suppress in OPAC | No |
| 999 ## - | |
| -- | 1028 |
| -- | 1028 |
| Withdrawn status | Lost status | Source of classification or shelving scheme | Damaged status | Not for loan | Collection | Home library | Current library | Shelving location | Date acquired | Total Checkouts | Full call number | Barcode | Date last seen | Date last checked out | Price effective from | Koha item type |
|---|---|---|---|---|---|---|---|---|---|---|---|---|---|---|---|---|
| Dewey Decimal Classification | Fiction | Footprints International School Library Network Toul Kork Campus | Footprints International School Library Network Toul Kork Campus | TK Primary Library Room(4th Floor), Bookcase 7, Shelves 57-60, Dark Green Books | 07/18/2023 | 1 | MIL Fic 823 PZ8.M6355 | FISBK057055 | 09/08/2023 | 08/31/2023 | 07/18/2023 | Books |
